Les 10 chaînes YouTube Françaises avec le plus d'abonnés - Statistiques

Statistiques générales
  • Ce quiz a été pris 76 fois
  • Le résultat moyen est 5 sur 10
Statistiques - réponses
Nombre d'abonnés Chaîne Youtube % Correct
19,7 M Squeezie
95%
26,9 M Tibo Inshape
84%
14,5 M Cyprien
82%
11,3 M Norman
74%
10,6 M Michou
70%
9,68 M Lama Faché
32%
13,9 M Gims
11%
11,7 M Mayamystic
4%
13,4 M Oggy
4%
11,2 M Natop Shorts
0%
Aucun quiz correspondant
Distribution des résultats
% des personnes avec chaque résultat
Percentile par nombre de réponses
Votre historique - résultats
Vous n’avez pas pris ce quiz